LEADER 00909cam0-2200301---450- 001 990005065460403321 005 20090909105328.0 035 $a000506546 035 $aFED01000506546 035 $a(Aleph)000506546FED01 035 $a000506546 100 $a19990604d1913----km-y0itay50------ba 101 0 $afre 102 $aFR 105 $ay-------001yy 200 1 $aComment on prononce le français$etraité complet de prononciation pratique avec le noms propres et les mots étrangers$fPh. Martinon 210 $aParis$cLarousse$dc1913 215 $aXI, 414 p.$d18 cm 610 0 $aLingua francese$aPronuncia 676 $a441.52 700 1$aMartinon,$bPhilippe$0191198 801 0$aIT$bUNINA$gRICA$2UNIMARC 901 $aBK 912 $a990005065460403321 952 $a441.52 MAR 1$bIst.f.m.21562$fFLFBC 959 $aFLFBC 996 $aComment on prononce le français$9309711 997 $aUNINA